000 00432Cam#a22001935a#4500
003 AR-RoUNA
008 140529||||||||||||||||| |||| 0|||| d
040 _aAR-RoUNA
_bspa
041 _aspa
080 _a7.017
092 _lR896
100 1 _aRubin, Edgar
_917370
245 _aFigura y fondo :
260 _aBuenos Aires :
300 _a11 p. :
440 _aCUADERNOS DEL TALLER
_v04
_917371
930 _e625
942 _2cdu
999 _c2477
_d2477